|
|
|
|
| LEADER |
02028nam a2200349 a 4500 |
| 001 |
00020036 |
| 003 |
BD-DhAAL |
| 005 |
20260205175005.0 |
| 008 |
171010s2016 bg a b 001 0 ben d |
| 020 |
|
|
|a 9844126096 (v. 4)
|
| 040 |
|
|
|a DLC
|c DLC
|d DLC
|d BD-DhAAL
|
| 041 |
|
|
|a ben
|
| 082 |
0 |
0 |
|a 954.9205
|2 22
|
| 100 |
|
|
|a আহমেদ, হাসিনা.
|
| 245 |
0 |
0 |
|a গণমাধ্যমে বাংলাদেশের মুক্তিযুদ্ধ.
|n চতুর্থ খন্ড /
|c হাসিনা আহমেদ.
|
| 246 |
3 |
1 |
|a Media and the liberation war of Bangladesh : volume 4
|
| 260 |
|
|
|a ঢাকা :
|b অনন্যা,
|c ২০১৬.
|
| 300 |
|
|
|a ২৬৮ পৃষ্ঠা :
|b চিত্র ;
|c ২৫ সে.মি.
|
| 362 |
O |
|
|a ৪র্থ খন্ড.
|
| 504 |
|
|
|a গ্রন্থপুঞ্জিগত নির্দেশিকা ও ইনডেক্স অন্তর্ভূক্ত
|
| 520 |
|
|
|a Articles, reports, and cartoons collected from various newspapers and news magazines on the 1971 liberation war of Bangladesh.
|
| 541 |
1 |
|
|e 00020036, 32182
|
| 546 |
|
|
|a Bengali
|
| 650 |
|
0 |
|a India-Pakistan Conflict, 1971
|x Mass media and the conflict.
|9 22438
|
| 651 |
|
0 |
|a Bangladesh
|x History
|y Revolution, 1971.
|9 22439
|
| 651 |
|
0 |
|a Bangladesh
|x History
|y Revolution, 1971
|x Mass media and the revolution.
|9 22440
|
| 852 |
4 |
|
|a Ayesha Abed Library
|j General Shelf
|
| 942 |
|
|
|2 ddc
|c BK
|
| 999 |
|
|
|c 8831
|d 8831
|
| 952 |
|
|
|0 0
|1 0
|2 ddc
|4 0
|6 954_900000000000000_205_GAN_2007
|7 0
|9 10754
|a BRACUL
|b BRACUL
|c BNC
|d 2010-06-09
|l 0
|o 954.9205 GAN
|p 3010020036
|r 2010-06-09
|t 1
|w 2010-06-09
|y BK
|
| 952 |
|
|
|0 0
|1 0
|2 ddc
|4 0
|6 954_920500000000000_GAN
|7 0
|9 61536
|a BRACUL
|b BRACUL
|c BNC
|d 2017-10-10
|e Development Book Agency
|g 400.00
|l 0
|o 954.9205 GAN
|p 3010032181
|r 2017-10-10
|t 2
|v 400.00
|w 2017-10-10
|y BK
|
| 952 |
|
|
|0 0
|1 0
|2 ddc
|4 0
|6 954_920500000000000_GAN
|7 0
|9 61537
|a BRACUL
|b BRACUL
|c BNC
|d 2017-10-10
|e Development Book Agency
|g 400.00
|l 0
|o 954.9205 GAN
|p 3010032182
|r 2017-10-10
|t 3
|v 400.00
|w 2017-10-10
|y BK
|